Top 100 polskich wykonawców na Spotify - Statystyki

Ogólne statystyki
  • Ten quiz został rozwiązany 47 razy
  • Średni wynik to 17 z 77
Statystyki odpowiedzi
Numer 🎤 Wykonawca Liczba słuchaczy miesięcznie % Poprawnych
1 Bedoes 2115 3202672
77%
18 Sanah 2129530
77%
3 Mata 3032250
73%
37 Bambi
67%
14 Quebonafide 2322550
67%
5 Taco Hemingway 2680757
67%
13 Kizo 2338483
57%
8 Oki 2550678
57%
12 White 2115 2377207
57%
35 Young Leosia
57%
4 Dawid Podsiadło 2900980
53%
24 Żabson
40%
29 Białas
37%
7 Malik Montana 2591902
37%
10 Sobel 2413924
37%
36 Young Igi
37%
2 Pezet 3139234
33%
20 Skolim
33%
6 Vito Bambino 2601123
33%
33 Paluch
30%
21 Sentino
27%
30 Szpaku
27%
45 Lady pank
23%
27 Otsochodzi
23%
15 Zalia 2315553
23%
31 Bletka
20%
55 Chivas
20%
57 Fagata
20%
50 Guzior
20%
38 Mrozu
20%
51 Reto
20%
77 Sokół
20%
39 Tymek
20%
23 Daria Zawiałow
17%
11 Gibbs 2396619
17%
32 Kaśka Sochacka
17%
28 Modelki
17%
65 Myslovitz
17%
60 Igo
13%
53 Kacperczyk
13%
59 Kali
13%
52 Kinny zimmer
13%
34 Kukon
13%
48 Kuqe 2115
13%
9 Miu 2445276
13%
22 Pro8l3m
13%
54 Sylwia Grzeszczak
13%
42 Avi
10%
41 Cypis
10%
74 Diho
10%
75 Kayah
10%
17 Kaz Bałagane 2217115
10%
62 Smolasty
10%
47 Blacha 2115
7%
19 Fukaj 2123619
7%
73 Grubson
7%
44 Kuban
7%
56 Livka
7%
68 Oskar Cyms
7%
40 Wac Toja
7%
72 Weekend
7%
71 Dajczman
3%
76 Donguralesko
3%
70 Jan rapowanie
3%
49 Louis Villain
3%
26 Majki
3%
25 Major SPZ
3%
16 Mr. Polska 2253242
3%
69 Opał
3%
58 Ania Dąbrowska
0%
64 Bajorson
0%
61 Bungee
0%
67 Hubert.
0%
43 Kazior
0%
46 Oskar83
0%
66 PlanBe
0%
63 Tax Free
0%
Nie znaleziono quizów pasujących do podanych kryteriów
Rozkład punktacji
Procent ludzi z każdym wynikiem
Percentyl według liczby udzielonych odpowiedzi
Twoja historia wyników
Nie rozwiązałeś tego quizu